[Event "CAN-ch U18"]
[Site "Ottawa"]
[Date "2007.07.03"]
[Round "2"]
[White "Jia, Derek"]
[Black "Fowler, Paul"]
[Result "1-0"]
[WhiteElo "2004"]
[BlackElo "1403"]
[PlyCount "33"]
[EventDate "2007.07.03"]
[EventType "swiss"]
[EventRounds "6"]
[EventCountry "CAN"]
[SourceTitle "EXT 2022"]
[Source "ChessBase"]
[SourceDate "2021.10.06"]
[SourceVersion "1"]
[SourceVersionDate "2021.10.06"]
[SourceQuality "1"]

1. e4 e5 2. Nf3 Nc6 3. Bc4 Bc5 4. 0-0 Nf6 5. d3 d6 6. c3 Bg4 7. Bg5 Qd7 8. a4 a6 9. Nbd2 0-0-0 10. b4 Ba7 11. b5 Na5 12. bxa6 bxa6 13. Bxa6+ Kb8 14. Qb1+ Ka8 15. Qb4 Bb6 16. Be3 c5 17. Qxb6 1-0